Estatísticas para Treinadores Campeões da Libertadores

Clique aqui para jogar o quiz

Estatísticas Gerais

  • Esse quiz foi jogado 71 vezes
  • A pontuação média é 19 de 61

Estatísticas das Respostas

AnoTimeTreinador% Correto
2020PalmeirasAbel Ferreira
95%
2019FlamengoJorge Jesus
95%
2017GrêmioRenato Gaúcho
93%
2013Atlético MineiroCuca
88%
2012CorinthiansTite
88%
1995GrêmioLuiz Felipe Scolari
85%
1999PalmeirasLuiz Felipe Scolari
83%
1992São PauloTelê Santana
80%
1993São PauloTelê Santana
80%
2018River PlateMarcelo Gallardo
78%
2015River PlateMarcelo Gallardo
78%
2011SantosMuricy Ramalho
78%
2006InternacionalAbel Braga
76%
2010InternacionalCelso Roth
66%
2005São PauloPaulo Autuori
63%
1997CruzeiroPaulo Autuori
59%
2003Boca JuniorsCarlos Bianchi
41%
1994Vélez SarsfieldCarlos Bianchi
41%
2001Boca JuniorsCarlos Bianchi
41%
2000Boca JuniorsCarlos Bianchi
41%
1963SantosLuís Alonso Pérez
41%
1962SantosLuís Alonso Pérez
41%
2016Atlético Nacional COLReinaldo Rueda
41%
1981FlamengoPaulo César Carpegiani
39%
2008LDUEdgardo Bauza
36%
2014San LorenzoEdgardo Bauza
34%
1998VascoAntônio Lopes
32%
1983GrêmioValdir Espinosa
22%
1976CruzeiroZezé Moreira
12%
2009EstudiantesAlejandro Sabella
10%
2007Boca JuniorsMiguel Ángel Russo
8%
1996River PlateRamón Díaz
8%
1990OlimpiaLuis Cubilla
7%
1979OlimpiaLuis Cubilla
7%
1968EstudiantesOsvaldo Zubeldía
7%
1969EstudiantesOsvaldo Zubeldía
7%
1970EstudiantesOsvaldo Zubeldía
7%
1977Boca JuniorsJuan Carlos Lorenzo
5%
1978Boca JuniorsJuan Carlos Lorenzo
5%
2004Once CaldasLuis Fernando Montoya
5%
1991Colo-ColoMirko Jozić
5%
1960PeñarolRoberto Scarone
5%
1961PeñarolRoberto Scarone
5%
1971Atlético Nacional URUWáshington Etchamendi
5%
1989Atlético Nacional COLFrancisco Maturana
3%
1986River PlateHéctor Veira
3%
1982PeñarolHugo Bagnulo
3%
1973IndependienteHumberto Maschio
3%
1984IndependienteJosé Omar Pastoriza
3%
1985Argentinos JuniorsJosé Yudica
3%
1967RacingJuan José Pizzuti
3%
1980Atlético Nacional URUJuan Mujica
3%
1965IndependienteManuel Giúdice
3%
1964IndependienteManuel Giúdice
3%
2002OlimpiaNery Pumpido
3%
1987PeñarolÓscar Tabárez
3%
1975IndependientePedro Dellacha
3%
1972IndependientePedro Dellacha
3%
1974IndependienteRoberto Ferreiro
3%
1988Atlético Nacional URURoberto Fleitas
3%
1966PeñarolRoque Máspoli
3%

Distribuição das Pontuações

Percentil de Números Respondidos

Porcentagem de Pessoas com Cada Pontuação

Sua Pontuação Histórica

Você não jogou esse quiz